Procedimientos generales de fisioterapia: (Registro nro. 1876)

Detalles MARC
000 -CABECERA
Campo de control interno 00849nam a22002777a 4500
005 - FECHA Y HORA DE LA CATALOGACION
Campo de control 20260407160558.0
008 - ELEMENTOS DE LONGITUD FIJA - INFORMACION
Elementos de Longitud Fija - Informaci 260407t2025 sp ||||| |||| 00| 0 spa d
020 ## - ISBN
ISBN 978-84-1382-553-3
040 ## - ORIGEN DE LA CATALOGACION
Origen de la Catalogación Iste
041 ## - CODIGO DE LENGUAJE
Código de lenguaje del texto spa
044 ## - CODIGO ISO DE PAIS
Código ISO de País sp
082 ## - NUMERO DE CLASIFICACION CDU
Clasificacion 615.8
Cutter Al149
100 ## - AUTOR PERSONAL
Autor Personal Albornoz Cabello, Manuel
Titulos u otras palabras asociadas al nombre Autor
Rol del Autor Autor
9 (RLIN) 8091
245 ## - TÍTULO GENERAL
Título Procedimientos generales de fisioterapia:
Subtítulo práctica basada em la evidencia
250 ## - EDICION
Edición 2a. ed.
260 ## - EDITORIAL
Ciudad - País Barcelona - España
Nombre de la Editorial Elsevier
Fecha 2025
300 ## - DESCRIPCION
Número de páginas 379 páginas,
Información descriptiva gráficos, ilustraciones, tablas.
650 ## - DESCRIPTORES - TEMAS
Temas - Descriptores TERMOTERAPIA
9 (RLIN) 554
650 ## - DESCRIPTORES - TEMAS
Temas - Descriptores CRIOTERAPIA
9 (RLIN) 9492
650 ## - DESCRIPTORES - TEMAS
Temas - Descriptores HIDROTERAPIA
9 (RLIN) 553
650 ## - DESCRIPTORES - TEMAS
Temas - Descriptores BALNEOTERAPIA
9 (RLIN) 9493
650 ## - DESCRIPTORES - TEMAS
Temas - Descriptores VIBROTERAPIA
9 (RLIN) 9494
653 ## - CATEGORIAS
Categorías Secundarias TECNOLOGÍA Y CIENCIAS MÉDICAS
653 ## - CATEGORIAS
Categorías Secundarias TERAPÉUTICA
942 ## - ELEMENTOS DE KOHA
Esquema de Clasificacion Clasificación decimal universal
Tipo de Documento Libros
Catalogador Usuario Catalogador
Existencias
Estatus retirado Estado de pérdida Fuente de Clasificacion Estado de daño No para préstamo Carrera Dependencia Dependencia Estado Fecha de Adquisición Vía de adquisición Inventario Total de préstamos CDU Código de barras Visto por última vez Numero de copia o ejemplar Tipo de Item
    Clasificación decimal universal     Rehabilitación Física ISTE BG DRS ISTE BG DRS Disponible 2026-04-07 Donación BLDS03876   615.8 Al149 BG26040042 2026-04-07 Ej. 1 Libros